000 00590nam a2200229Ia 4500
003 OSt
005 20220923225426.0
006 a|||||r|||| 00| 0
007 ta
008 220922b |||||||| |||| 00| 0 san d
024 _a267,631
037 _cTextual
040 _aARTS
_cARTS
_bsan
041 _2san
_asan
082 _aR625x6,1,5x, 15L0
100 _aझा
_9168240
245 0 _aसामान्यनिरूक्ति
246 _aSāmānyanirūkti
260 _c1970
942 _hR625x6,1,5x, 15L0
_cTEXL
_2CC
999 _c378212
_d378212